000 00389nam a2200169Ia 4500
008 230524s9999 xx 000 0 und d
020 _a9789350141458
082 _a6.4
_bSHA
100 _aPankaj Sharma
245 0 _aPattern Recognition
250 _a1
260 _aNew Delhi
_bKatson
_c2012
300 _a234p;
500 _aQuantity Number: 3
650 _aComp-Sc
942 _cBK
999 _c56398
_d56398